<?xml version="1.0" encoding="UTF-8"?>
<record
    xmlns:xsi="http://www.w3.org/2001/XMLSchema-instance"
    xsi:schemaLocation="http://www.loc.gov/MARC21/slim http://www.loc.gov/standards/marcxml/schema/MARC21slim.xsd"
    xmlns="http://www.loc.gov/MARC21/slim">

  <leader>00728nam a2200169 i 4500</leader>
  <controlfield tag="001">189621</controlfield>
  <controlfield tag="003">ES-MaACL</controlfield>
  <controlfield tag="005">20230906223521.0</controlfield>
  <controlfield tag="008">190703q1874    fr           |||| | fre d</controlfield>
  <datafield tag="100" ind1="1" ind2=" ">
    <subfield code="a">Beguyer de Chancourtois, Alexandre-Emile.</subfield>
    <subfield code="9">27043</subfield>
  </datafield>
  <datafield tag="245" ind1="1" ind2="0">
    <subfield code="a">M&#xE9;moire sur la classification chronogique des formations / </subfield>
    <subfield code="c">par M. A.-E.-B. de Chancourtois.</subfield>
  </datafield>
  <datafield tag="260" ind1=" " ind2=" ">
    <subfield code="a">Paris : </subfield>
    <subfield code="b">Gauthier-Villars, Imp.-Lib., </subfield>
    <subfield code="c">[1874]</subfield>
  </datafield>
  <datafield tag="300" ind1=" " ind2=" ">
    <subfield code="a">4 p. ; </subfield>
    <subfield code="c">27 cm.</subfield>
  </datafield>
  <datafield tag="650" ind1="0" ind2="4">
    <subfield code="a">Geocronolog&#xED;a.</subfield>
    <subfield code="9">13067</subfield>
  </datafield>
  <datafield tag="650" ind1=" " ind2="4">
    <subfield code="a">Estratigraf&#xED;a.</subfield>
    <subfield code="9">136064</subfield>
  </datafield>
  <datafield tag="852" ind1=" " ind2=" ">
    <subfield code="a">ES-MaACL</subfield>
    <subfield code="j">L-32451(8) </subfield>
    <subfield code="z">- Enc. cart. </subfield>
    <subfield code="z">. - Legado Federico de Botella y de Hornos </subfield>
    <subfield code="z">- Enc. en un vol. facticio, con  t&#xED;t. en el lomo de: Rapport sur les progr&#xE9;s de la stratigraphie</subfield>
  </datafield>
  <datafield tag="999" ind1=" " ind2=" ">
    <subfield code="c">189621</subfield>
    <subfield code="d">189621</subfield>
  </datafield>
  <datafield tag="952" ind1=" " ind2=" ">
    <subfield code="0">0</subfield>
    <subfield code="1">0</subfield>
    <subfield code="4">0</subfield>
    <subfield code="7">0</subfield>
    <subfield code="8">LIBXIX</subfield>
    <subfield code="a">ATENEOM</subfield>
    <subfield code="b">ATENEOM</subfield>
    <subfield code="c">DEPO2</subfield>
    <subfield code="d">2019-07-03</subfield>
    <subfield code="e">DON</subfield>
    <subfield code="l">0</subfield>
    <subfield code="o">L-32451(8)</subfield>
    <subfield code="p">1200984</subfield>
    <subfield code="r">2023-02-23 00:00:00</subfield>
    <subfield code="w">2023-02-23</subfield>
    <subfield code="y">MONANT</subfield>
  </datafield>
</record>
